| 000 | 01636nam a22001817a 4500 | ||
|---|---|---|---|
| 008 | 120622t xxu||||| |||| 00| 0 eng d | ||
| 020 | _a9780393932478 (pbk.) | ||
| 050 | _aPE1408.B93 | ||
| 100 | _aBullock, Richard H. | ||
| 245 |
_aThe Norton Field guide to writing: with handbook. / _cRichard H. Bullock, Francine Weinberg |
||
| 250 | _a2nd ed. | ||
| 260 |
_aLondon: _bW. W. Norton, _c2009. |
||
| 300 |
_axxxv, 556 p + [85+38].: _bill.; _c28cm. |
||
| 500 | _aIncludes index | ||
| 505 | _aContents: Purpose -- Audience -- Genre --Stance -- Media/Design --Writing a literacy narrative -- Analyzing a text -- Reporting information -- Arguing a position -- Abstracts-- Annotated bibliographies -- ........... -- Literary analyses -- Memoirs -- Profiles -- Proposals -- Reflections -- Resumes and job letters -- Mixing genres -- Writing as inquiry --Collaborating -- Generating ideas and text -- Drafting -- Assessing your own writing - Getting response and revising -- Editing and proofreading -- Compiling a portfolio -- Beginning and ending --Guiding your reader -- Analyzing causes and effects -- Arguing -- Classifying and dividing -- Comparing and contrasting -- Defining -- .............Narrating -- Reading strategies -- Taking essay exams -- Developing a research plan -- Finding sources -- Evaluating sources -- Synthesizing ideas -- Quoting, paraphrasing, and summarizing -- Acknowledging sources, avoiding plagiarism -- Documentation -- MLA style -- APA style -- Print text -- Spoken text -- Electronic text -- Handbook: Sentences -- Words -- Punctuation/Mechanics -- | ||
| 700 | _aWeinberg, Francine | ||
| 942 |
_2lcc _cBK |
||
| 999 |
_c7355 _d14855 |
||